How does Climate Shock Affect Technology Adoption in Rice Production?

Cieľom štúdie je určiť vplyv šoku zo zmeny klímy, ako je sucho a záplavy, na rôzne technológie pri výrobe ryže vo Vietname. Táto štúdia využila panelové údaje VARHS (The Vietnam Access to Resources Household Survey) z rokov 2012 až 2018 a použila regresnú analýzu po aplikácii zhody skóre sklonu (PSM...

Full description

Saved in:
Bibliographic Details
Main Author: Nguyen, Thai Phan
Other Authors: Nguyen, Duc Kien, Truong, Quang Dung
Format: Book Chapter
Language:English
Subjects:
Tags: Add Tag
No Tags, Be the first to tag this record!

MARC

LEADER 00000naa a2200000 4500
001 0307920
005 20250401103127.6
041 0 |a eng 
044 |a CZ 
245 1 0 |a How does Climate Shock Affect Technology Adoption in Rice Production?  |c Thai Phan Nguyen, Duc Kien Nguyen ; aut. Quang Dung Truong 
520 |a Cieľom štúdie je určiť vplyv šoku zo zmeny klímy, ako je sucho a záplavy, na rôzne technológie pri výrobe ryže vo Vietname. Táto štúdia využila panelové údaje VARHS (The Vietnam Access to Resources Household Survey) z rokov 2012 až 2018 a použila regresnú analýzu po aplikácii zhody skóre sklonu (PSM) na riešenie potenciálneho výberového skreslenia spôsobeného suchom a povodňovými šokmi. Zistenia ukázali, že domácnosti majú tendenciu používať vylepšenú škálu ryže a organických hnojív, pretože domácnosti trpia šokom zo sucha. 
610 2 0 |a zmeny klimatické 
610 2 0 |a ryža 
610 2 0 |a Vietnam 
610 2 0 |a poľnohospodárstvo 
610 2 0 |a technológia 
100 1 |a Nguyen, Thai Phan 
700 1 |a Nguyen, Duc Kien 
700 1 |a Truong, Quang Dung